• 首页
  • 本馆介绍
  • 公告通知
  • 最新文献
  • 馆藏检索
  • 电子资源
  • 读者导购
  • 参考咨询
  • 我的图书馆
  • 登录
  • 详细信息显示
  • 放入我的书架
  • 预约/预借图书
  • 作者相关作品
  • 分类相关作品
  • 丛书相关作品
  • 出版社相关作品

书目信息

  • 表格格式
  • 工作单格式
  • 卡片格式
题名:
双螺旋
    
 
作者: 沃森 著 ;贾拥民 , 江恩 , 维特科夫斯基 译
分册:  
出版信息: 杭州   浙江人民出版社  2017
页数: 312页
开本: 22cm
丛书名:
单 册:
中图分类: Q523
科图分类:
主题词: 双螺旋--shuang luo xuan--脱氧核糖核酸--生物结构--普及读物
电子资源:
ISBN: 978-7-213-07610-7
000 01426nam0 2200301 450
001 012017000208
005 20180111090429.60
010    @a978-7-213-07610-7@b精装@dCNY99.90
100    @a20170205d2017 em y0chiy0121 ea
101 1  @achi@ceng
102    @aCN@b330000
105    @aa z 000yy
106    @ar
200 1  @a双螺旋@Ashuang luo xuan@d= Double helix@e插图注释本@f(美) 詹姆斯·沃森著@g贾拥民译@g亚历山大·江恩, 简·维特科夫斯基编@zeng
210    @a杭州@c浙江人民出版社@d2017
215    @a312页@c图@d22cm
314    @a詹姆斯·沃森, 1928年出生于美国芝加哥。
330    @a沃森的《双螺旋》是一部以个人名义写就的回忆录, 记述了科学家们发现DNA分子结构的故事。这一发现及其随之引起的影响促使生物学界发生了一场革命, 堪称20世纪科学界最为重大的事件之一。《双螺旋》把新概念的诞生描绘得栩栩如生, 把许多扣人心弦的场面逐步推向全剧的高潮, 同时又将科学家们的日常生活娓娓道来, 为读者揭示了一个神奇而又平凡的世界。此书一经出版便引起科学界巨大的兴趣和争议, 是一部独具风格的科学史。
500 10 @aDouble helix@mChinese
606 0  @a双螺旋@Ashuang luo xuan@x脱氧核糖核酸@x生物结构@j普及读物
690    @aQ523@v5
701  1 @a沃森@Awo sen@g(Watson, James D.),@f1928-@4著
702  0 @a贾拥民@Ajia yong min@4译
702  1 @a江恩@Ajiang en@g(Gann, Alexander)@4编
702  1 @a维特科夫斯基@Awei te ke fu si ji@g(Witkowski, Jan)@4编
801  0 @aCN@b湖北三新@c20170304@g
905    @aBZT@dQ523@e1
906    @dCNY99.90@n5@r1
    
    双螺旋= Double helix:插图注释本/(美) 詹姆斯·沃森著/贾拥民译/亚历山大·江恩, 简·维特科夫斯基编.-杭州:浙江人民出版社,2017
    312页:图;22cm
    
    
    ISBN 978-7-213-07610-7(精装):CNY99.90
    沃森的《双螺旋》是一部以个人名义写就的回忆录, 记述了科学家们发现DNA分子结构的故事。这一发现及其随之引起的影响促使生物学界发生了一场革命, 堪称20世纪科学界最为重大的事件之一。《双螺旋》把新概念的诞生描绘得栩栩如生, 把许多扣人心弦的场面逐步推向全剧的高潮, 同时又将科学家们的日常生活娓娓道来, 为读者揭示了一个神奇而又平凡的世界。此书一经出版便引起科学界巨大的兴趣和争议, 是一部独具风格的科学史。
●
相关链接 在五车中查询图书 在当当中查询图书 在豆瓣中查询图书


正题名:双螺旋     索取号:Q523/1         预约/预借

序号 登录号 条形码 馆藏地/架位号 状态 备注
1 845080   2000845080   第二书库/ [索取号:Q523/1] 在馆    
2 845081   2000845081   第二书库/ [索取号:Q523/1] 在馆    
3 845082   2000845082   第二书库/ [索取号:Q523/1] 在馆    
4 845083   2000845083   第二书库/ [索取号:Q523/1] 在馆    
5 845084   2000845084   第二书库/ [索取号:Q523/1] 在馆    
山东省滨州职业学院图书馆 欢迎您!
大连网信软件有限公司© 版权所有